Lord Krishna names - Statistics

General Stats
  • This quiz has been taken 57 times
  • The average score is 5 of 27
Answer Stats
Hint Answer % Correct
All attractive Krishna
73%
One Who Pleases The Cows, The Land And The Entire Nature Govinda
48%
One Who Plays With The Cowherds Gopala
41%
Slayer Of Demon Madhu Madhusudan
36%
The Flute Playing Lord Murali
36%
Husband to Goddess of Fortune Madhava
34%
Son of Aditi Aditya
32%
Son of Devaki Devakinandana
30%
One Who Has Long, Black Matted Locks Keshava
30%
The Refuge Of Everyone Narayana
23%
Infallible Lord Achyuta
18%
Trancendental (Supreme) Soul Paramatma
16%
The Lord Who Has A lotus in his Navel Padmanabha
14%
Lord of the beautiful evenings Shyamasundara
14%
The Endless Lord Ananta
11%
The Lord Of Nature Hari
11%
Wonderful God Adbhuta
7%
Conqueror Of All The Three Worlds Trivikrama
7%
Still Lord Achala
5%
Lord of Indra Mahendra
5%
Without Any Material Properties Nirguna
5%
The Travelling Lord Bihari
2%
Lord of the Universe Jagadish
2%
Beautiful Lord Manohara
2%
The Supreme Soul Purushottama
2%
The Eternal Lord Sanatana
2%
The Lord Of All Senses Hrushikesha
0%
No matching quizzes found
Score Distribution
Percent of People with Each Score
Percentile by Number Answered
Your Score History
You have not taken this quiz